000 00453pab a2200169 454500
008 180718b1995 xxu||||| |||| 00| 0 eng d
100 _aPradhan, N.
245 _aAcademic life and achievements of university students.
260 _c1995
300 _ap.7-11
362 _a8 May
650 _aStudents - Academic workload - India
650 _aCollege students - India
650 _aStudents - India
773 _aUniversity News
909 _a28459
999 _c28459
_d28459